[Event "DVM U12w 2024"]
[Site "Bad Homburg GER"]
[Date "2024.12.30"]
[Round "7"]
[White "Seyedfakhari, Elena"]
[Black "Kessler, Lisbeth Erna"]
[Result "1-0"]
[Termination "normal"]
[Board "6.3"]
[WhiteElo "986"]
[BlackElo "926"]
[WhiteClock "01:43:36"]
[BlackClock "01:06:21"]
[WhiteTeam "SchVgg Blankenese 1923"]
[BlackTeam "Schachzwerge Magdeburg"]
[PlyCount "151"]
[WhiteFideId "34639888"]
[BlackFideId "533025894"]
[EventCountry "GER"]
[EventRounds "7"]
[EventType "team-swiss"]
[EventDate "2024.12.26"]

1. e4 {[%clk 01:30:56]} {[%emt 00:00:03]} e5 {[%clk 01:30:53]} {[%emt
00:00:07]} 2. Nf3 {[%clk 01:31:15]} {[%emt 00:00:10]} Nc6 {[%clk 01:31:18]}
{[%emt 00:00:05]} 3. Nc3 {[%clk 01:31:31]} {[%emt 00:00:14]} Nf6 {[%clk
01:31:42]} {[%emt 00:00:07]} 4. d4 {[%clk 01:31:45]} {[%emt 00:00:16]} exd4
{[%clk 01:30:46]} {[%emt 00:01:26]} 5. Nxd4 {[%clk 01:31:57]} {[%emt 00:00:18]}
d5 {[%clk 01:28:45]} {[%emt 00:02:32]} 6. exd5 {[%clk 01:31:52]} {[%emt
00:00:34]} Nxd5 {[%clk 01:28:11]} {[%emt 00:01:04]} 7. Qe2+ {[%clk 01:31:51]}
{[%emt 00:00:31]} Be6 {[%clk 01:26:37]} {[%emt 00:02:03]} 8. Nxe6 {[%clk
01:32:02]} {[%emt 00:00:19]} fxe6 {[%clk 01:25:58]} {[%emt 00:01:09]} 9. Qxe6+
{[%clk 01:32:02]} {[%emt 00:00:29]} Nde7 {[%clk 01:26:02]} {[%emt 00:00:26]}
10. Bc4 {[%clk 01:32:14]} {[%emt 00:00:18]} Qd4 {[%clk 01:18:53]} {[%emt
00:07:38]} 11. O-O {[%clk 01:32:06]} {[%emt 00:00:39]} Nd8 {[%clk 01:18:48]}
{[%emt 00:00:34]} 12. Be3 {[%clk 01:32:09]} {[%emt 00:00:26]} Qh4 {[%clk
01:18:28]} {[%emt 00:00:51]} 13. Qe4 {[%clk 01:31:58]} {[%emt 00:00:34]} Qxe4
{[%clk 01:17:15]} {[%emt 00:01:49]} 14. Nxe4 {[%clk 01:32:12]} {[%emt
00:00:16]} Nf5 {[%clk 01:15:50]} {[%emt 00:01:56]} 15. Bf4 {[%clk 01:32:09]}
{[%emt 00:00:33]} Bd6 {[%clk 01:15:28]} {[%emt 00:00:53]} 16. Bxd6 {[%clk
01:32:25]} {[%emt 00:00:15]} Nxd6 {[%clk 01:15:30]} {[%emt 00:00:26]} 17. Nxd6+
{[%clk 01:32:42]} {[%emt 00:00:13]} cxd6 {[%clk 01:15:53]} {[%emt 00:00:07]}
18. Rfe1+ {[%clk 01:33:00]} {[%emt 00:00:13]} Kd7 {[%clk 01:15:32]} {[%emt
00:00:51]} 19. Bb5+ {[%clk 01:33:15]} {[%emt 00:00:14]} Nc6 {[%clk 01:14:42]}
{[%emt 00:01:20]} 20. Bxc6+ {[%clk 01:33:32]} {[%emt 00:00:13]} bxc6 {[%clk
01:15:06]} {[%emt 00:00:07]} 21. Re2 {[%clk 01:33:50]} {[%emt 00:00:12]} Rhe8
{[%clk 01:12:49]} {[%emt 00:02:47]} 22. Rxe8 {[%clk 01:34:03]} {[%emt
00:00:17]} Rxe8 {[%clk 01:12:58]} {[%emt 00:00:22]} 23. Kf1 {[%clk 01:34:20]}
{[%emt 00:00:11]} Rb8 {[%clk 01:11:13]} {[%emt 00:02:15]} 24. b3 {[%clk
01:34:37]} {[%emt 00:00:13]} Rb4 {[%clk 01:11:09]} {[%emt 00:00:35]} 25. c3
{[%clk 01:34:43]} {[%emt 00:00:24]} Re4 {[%clk 01:09:53]} {[%emt 00:01:45]} 26.
Re1 {[%clk 01:35:00]} {[%emt 00:00:13]} Rh4 {[%clk 01:10:00]} {[%emt 00:00:23]}
27. h3 {[%clk 01:35:11]} {[%emt 00:00:19]} a5 {[%clk 01:10:01]} {[%emt
00:00:29]} 28. f3 {[%clk 01:35:18]} {[%emt 00:00:22]} d5 {[%clk 01:10:19]}
{[%emt 00:00:13]} 29. Kf2 {[%clk 01:35:15]} {[%emt 00:00:32]} g5 {[%clk
01:10:05]} {[%emt 00:00:45]} 30. Kg3 {[%clk 01:35:07]} {[%emt 00:00:38]} c5
{[%clk 01:09:49]} {[%emt 00:00:46]} 31. a3 {[%clk 01:35:18]} {[%emt 00:00:19]}
Kc6 {[%clk 01:09:52]} {[%emt 00:00:27]} 32. Re6+ {[%clk 01:35:23]} {[%emt
00:00:23]} Kd7 {[%clk 01:09:42]} {[%emt 00:00:42]} 33. Ra6 {[%clk 01:35:32]}
{[%emt 00:00:20]} d4 {[%clk 01:09:30]} {[%emt 00:00:43]} 34. cxd4 {[%clk
01:35:28]} {[%emt 00:00:34]} Rxd4 {[%clk 01:08:42]} {[%emt 00:01:18]} 35. Rxa5
{[%clk 01:35:44]} {[%emt 00:00:13]} c4 {[%clk 01:08:56]} {[%emt 00:00:17]} 36.
bxc4 {[%clk 01:36:04]} {[%emt 00:00:09]} Rxc4 {[%clk 01:09:19]} {[%emt
00:00:08]} 37. Rxg5 {[%clk 01:36:11]} {[%emt 00:00:23]} h6 {[%clk 01:08:54]}
{[%emt 00:00:55]} 38. Rd5+ {[%clk 01:36:19]} {[%emt 00:00:21]} Ke6 {[%clk
01:08:46]} {[%emt 00:00:39]} 39. Rd1 {[%clk 01:36:39]} {[%emt 00:00:09]} Ra4
{[%clk 01:08:28]} {[%emt 00:00:49]} 40. Ra1 {[%clk 01:36:55]} {[%emt 00:00:14]}
Kf5 {[%clk 01:08:43]} {[%emt 00:00:15]} 41. h4 {[%clk 01:37:07]} {[%emt
00:00:18]} h5 {[%clk 01:08:43]} {[%emt 00:00:30]} 42. Kf2 {[%clk 01:37:11]}
{[%emt 00:00:25]} Kf4 {[%clk 01:08:49]} {[%emt 00:00:25]} 43. g3+ {[%clk
01:37:12]} {[%emt 00:00:30]} Kf5 {[%clk 01:08:38]} {[%emt 00:00:41]} 44. Ke3
{[%clk 01:37:23]} {[%emt 00:00:15]} Ra5 {[%clk 01:07:07]} {[%emt 00:02:03]} 45.
f4 {[%clk 01:37:27]} {[%emt 00:00:27]} Kg4 {[%clk 01:07:01]} {[%emt 00:00:36]}
46. Kf2 {[%clk 01:37:36]} {[%emt 00:00:21]} Ra4 {[%clk 01:07:21]} {[%emt
00:00:10]} 47. Kg2 {[%clk 01:37:42]} {[%emt 00:00:23]} Kf5 {[%clk 01:06:40]}
{[%emt 00:01:11]} 48. Kf3 {[%clk 01:37:54]} {[%emt 00:00:17]} Rc4 {[%clk
01:03:03]} {[%emt 00:04:08]} 49. a4 {[%clk 01:38:06]} {[%emt 00:00:17]} Rc3+
{[%clk 01:03:29]} {[%emt 00:00:05]} 50. Kf2 {[%clk 01:38:17]} {[%emt 00:00:16]}
Kg4 {[%clk 01:03:20]} {[%emt 00:00:42]} 51. a5 {[%clk 01:38:19]} {[%emt
00:00:28]} Rc2+ {[%clk 01:03:46]} {[%emt 00:00:03]} 52. Ke3 {[%clk 01:38:31]}
{[%emt 00:00:18]} Rc3+ {[%clk 01:02:44]} {[%emt 00:01:33]} 53. Kd2 {[%clk
01:38:37]} {[%emt 00:00:20]} Rxg3 {[%clk 01:02:59]} {[%emt 00:00:19]} 54. a6
{[%clk 01:38:55]} {[%emt 00:00:11]} Rg2+ {[%clk 01:03:22]} {[%emt 00:00:07]}
55. Ke3 {[%clk 01:39:12]} {[%emt 00:00:12]} Rg3+ {[%clk 01:03:34]} {[%emt
00:00:19]} 56. Ke4 {[%clk 01:39:29]} {[%emt 00:00:12]} Rg2 {[%clk 01:03:07]}
{[%emt 00:00:58]} 57. a7 {[%clk 01:39:49]} {[%emt 00:00:08]} Re2+ {[%clk
01:03:34]} {[%emt 00:00:03]} 58. Kd3 {[%clk 01:39:55]} {[%emt 00:00:19]} Re8
{[%clk 01:03:21]} {[%emt 00:00:50]} 59. a8=Q Rxa8 60. Rxa8 {[%emt 00:00:15]}
Kxf4 {[%clk 01:03:27]} {[%emt 00:00:05]} 61. Ra4+ {[%clk 01:39:57]} {[%emt
00:00:42]} Kg3 {[%clk 01:03:39]} {[%emt 00:00:21]} 62. Ke3 {[%clk 01:40:05]}
{[%emt 00:00:19]} Kg2 {[%clk 01:03:13]} {[%emt 00:00:59]} 63. Ra5 {[%clk
01:40:18]} {[%emt 00:00:16]} Kg3 {[%clk 01:03:29]} {[%emt 00:00:16]} 64. Rxh5
{[%clk 01:40:38]} {[%emt 00:00:09]} Kg4 {[%clk 01:03:52]} {[%emt 00:00:08]} 65.
Rh7 {[%clk 01:40:52]} {[%emt 00:00:16]} Kf5 {[%clk 01:04:04]} {[%emt 00:00:19]}
66. Rc7 {[%clk 01:41:06]} {[%emt 00:00:15]} Kg6 {[%clk 01:04:05]} {[%emt
00:00:29]} 67. Rc5 {[%clk 01:41:23]} {[%emt 00:00:11]} Kh6 {[%clk 01:04:21]}
{[%emt 00:00:17]} 68. Kf4 {[%clk 01:41:42]} {[%emt 00:00:10]} Kg6 {[%clk
01:04:32]} {[%emt 00:00:19]} 69. h5+ {[%clk 01:42:00]} {[%emt 00:00:12]} Kh6
{[%clk 01:04:58]} {[%emt 00:00:05]} 70. Kg4 {[%clk 01:42:20]} {[%emt 00:00:09]}
Kg7 {[%emt 00:00:27]} 71. Rc6 {[%clk 01:42:42]} {[%emt 00:00:06]} Kh7 {[%clk
01:05:24]} {[%emt 00:00:09]} 72. Kg5 {[%clk 01:43:00]} {[%emt 00:00:09]} Kg7
{[%clk 01:05:33]} {[%emt 00:00:25]} 73. Rc7+ {[%clk 01:43:21]} {[%emt
00:00:07]} Kg8 {[%clk 01:05:51]} {[%emt 00:00:12]} 74. Kf6 {[%clk 01:43:42]}
{[%emt 00:00:10]} Kh8 {[%clk 01:06:03]} {[%emt 00:00:18]} 75. Kg6 {[%clk
01:43:59]} {[%emt 00:00:13]} Kg8 {[%clk 01:06:21]} {[%emt 00:00:12]} 76. Rc8#
{[%clk 01:43:36]} {[%emt 00:00:07]} 1-0

[Event "DVM U12w 2024"]
[Site "Bad Homburg GER"]
[Date "2024.12.30"]
[Round "7"]
[White "Lorenz, Mina"]
[Black "He, Siqi"]
[Result "0-1"]
[Termination "normal"]
[Board "6.4"]
[WhiteElo "776"]
[BlackElo "870"]
[WhiteClock "01:20:30"]
[BlackClock "01:28:27"]
[WhiteTeam "Schachzwerge Magdeburg"]
[BlackTeam "SchVgg Blankenese 1923"]
[PlyCount "22"]
[WhiteFideId "533025908"]
[BlackFideId "34682708"]
[EventCountry "GER"]
[EventRounds "7"]
[EventType "team-swiss"]
[EventDate "2024.12.26"]

1. e4 {[%clk 01:30:59]} {[%emt 00:00:01]} e5 {[%clk 01:30:46]} {[%emt
00:00:14]} 2. Nf3 {[%clk 01:31:23]} {[%emt 00:00:05]} Nc6 {[%clk 01:30:51]}
{[%emt 00:00:25]} 3. Bc4 {[%clk 01:31:38]} {[%emt 00:00:15]} Bc5 {[%clk
01:30:52]} {[%emt 00:00:29]} 4. O-O {[%emt 00:00:23]} d6 {[%clk 01:30:44]}
{[%emt 00:00:35]} 5. d3 {[%clk 01:31:54]} {[%emt 00:00:24]} Bg4 {[%clk
01:30:34]} {[%emt 00:00:40]} 6. Nc3 {[%clk 01:31:15]} {[%emt 00:01:10]} Nd4
{[%clk 01:30:41]} {[%emt 00:00:22]} 7. Bd2 {[%clk 01:27:33]} {[%emt 00:04:13]}
Nxf3+ {[%clk 01:30:22]} {[%emt 00:00:48]} 8. gxf3 {[%clk 01:27:19]} {[%emt
00:00:45]} Bh5 {[%clk 01:30:28]} {[%emt 00:00:24]} 9. Ne2 {[%clk 01:24:11]}
{[%emt 00:03:38]} Bxf3 {[%clk 01:29:49]} {[%emt 00:01:09]} 10. Qe1 {[%clk
01:23:30]} {[%emt 00:01:11]} Qh4 {[%clk 01:29:01]} {[%emt 00:01:16]} 11. Ng3
{[%clk 01:20:30]} {[%emt 00:03:32]} Qh3 {[%clk 01:28:27]} {[%emt 00:01:03]} 0-1

[Event "DVM U12w 2024"]
[Site "Bad Homburg GER"]
[Date "2024.12.30"]
[Round "7"]
[White "Frydel, Helena"]
[Black "Andreeva, Katharina"]
[Result "1/2-1/2"]
[Termination "normal"]
[Board "7.1"]
[WhiteElo "1514"]
[BlackElo "1164"]
[WhiteClock "00:40:34"]
[BlackClock "00:23:24"]
[WhiteTeam "SF Birkenfeld"]
[BlackTeam "SC Weisse Dame"]
[PlyCount "48"]
[WhiteFideId "16266536"]
[BlackFideId "533000905"]
[EventCountry "GER"]
[EventRounds "7"]
[EventType "team-swiss"]
[EventDate "2024.12.26"]

1. e4 {[%clk 01:30:58]} {[%emt 00:00:02]} c5 {[%clk 01:30:58]} {[%emt
00:00:03]} 2. Nf3 {[%clk 01:31:22]} {[%emt 00:00:06]} d6 {[%clk 01:31:21]}
{[%emt 00:00:07]} 3. d4 {[%clk 01:31:46]} {[%emt 00:00:06]} cxd4 {[%clk
01:31:44]} {[%emt 00:00:08]} 4. Nxd4 {[%clk 01:32:11]} {[%emt 00:00:04]} Nf6
{[%clk 01:32:02]} {[%emt 00:00:12]} 5. Nc3 {[%clk 01:32:35]} {[%emt 00:00:06]}
g6 {[%clk 01:32:25]} {[%emt 00:00:06]} 6. f3 {[%clk 01:32:51]} {[%emt
00:00:14]} Bg7 {[%clk 01:32:46]} {[%emt 00:00:09]} 7. Be3 {[%clk 01:33:15]}
{[%emt 00:00:07]} O-O {[%clk 01:33:02]} {[%emt 00:00:13]} 8. Qd2 {[%clk
01:33:36]} {[%emt 00:00:09]} Nc6 {[%clk 01:31:46]} {[%emt 00:01:46]} 9. O-O-O
{[%clk 01:33:54]} {[%emt 00:00:12]} Nxd4 {[%clk 01:29:19]} {[%emt 00:02:56]}
10. Bxd4 {[%clk 01:33:55]} {[%emt 00:00:30]} Be6 {[%clk 01:27:50]} {[%emt
00:01:59]} 11. g4 {[%clk 01:34:00]} {[%emt 00:00:24]} Qc7 {[%clk 01:22:21]}
{[%emt 00:05:58]} 12. h4 {[%clk 01:32:48]} {[%emt 00:01:44]} Rfc8 {[%clk
01:17:47]} {[%emt 00:05:02]} 13. h5 {[%clk 01:31:45]} {[%emt 00:01:35]} a6
{[%clk 01:11:53]} {[%emt 00:06:23]} 14. hxg6 {[%clk 01:30:48]} {[%emt
00:01:28]} fxg6 {[%clk 01:10:14]} {[%emt 00:02:10]} 15. Be3 {[%clk 01:30:13]}
{[%emt 00:01:04]} b5 {[%clk 01:05:33]} {[%emt 00:05:10]} 16. Rh2 {[%clk
01:06:21]} {[%emt 00:24:23]} Rab8 {[%clk 00:59:33]} {[%emt 00:06:28]} 17. Bd3
{[%clk 00:58:54]} {[%emt 00:07:59]} Qc6 {[%clk 00:48:54]} {[%emt 00:11:08]} 18.
a3 {[%clk 00:51:43]} {[%emt 00:07:43]} Nd7 {[%clk 00:38:36]} {[%emt 00:10:47]}
19. Ne2 {[%clk 00:46:15]} {[%emt 00:05:59]} Ne5 {[%clk 00:36:36]} {[%emt
00:02:29]} 20. Nd4 {[%clk 00:45:36]} {[%emt 00:01:10]} Nxd3+ {[%clk 00:32:26]}
{[%emt 00:04:37]} 21. Qxd3 {[%clk 00:44:58]} {[%emt 00:01:10]} Qc4 {[%clk
00:30:42]} {[%emt 00:02:12]} 22. Qxc4 {[%clk 00:43:42]} {[%emt 00:01:48]} Bxc4
{[%clk 00:29:12]} {[%emt 00:01:59]} 23. b3 {[%clk 00:42:24]} {[%emt 00:01:48]}
Bf7 {[%clk 00:25:07]} {[%emt 00:04:33]} 24. Kb1 {[%clk 00:40:34]} {[%emt
00:02:23]} Rc3 {[%clk 00:23:24]} {[%emt 00:02:09]} 1/2-1/2

[Event "DVM U12w 2024"]
[Site "Bad Homburg GER"]
[Date "2024.12.30"]
[Round "7"]
[White "Rutschmann, Polly"]
[Black "Reuber, Ella"]
[Result "1-0"]
[Termination "normal"]
[Board "7.2"]
[WhiteElo "1072"]
[BlackElo "1188"]
[WhiteClock "01:01:58"]
[BlackClock "01:12:25"]
[WhiteTeam "SC Weisse Dame"]
[BlackTeam "SF Birkenfeld"]
[PlyCount "90"]
[WhiteFideId "34621261"]
[BlackFideId "34662952"]
[EventCountry "GER"]
[EventRounds "7"]
[EventType "team-swiss"]
[EventDate "2024.12.26"]

1. e4 {[%clk 01:30:55]} {[%emt 00:00:04]} c5 {[%clk 01:30:57]} {[%emt
00:00:04]} 2. Nf3 {[%clk 01:31:08]} {[%emt 00:00:15]} d6 {[%clk 01:31:22]}
{[%emt 00:00:07]} 3. d4 {[%clk 01:31:19]} {[%emt 00:00:18]} cxd4 {[%clk
01:31:45]} {[%emt 00:00:08]} 4. Nxd4 {[%clk 01:31:24]} {[%emt 00:00:24]} Nf6
{[%clk 01:32:09]} {[%emt 00:00:07]} 5. Nc3 {[%clk 01:31:23]} {[%emt 00:00:29]}
g6 {[%clk 01:32:25]} {[%emt 00:00:16]} 6. Be3 {[%clk 01:31:23]} {[%emt
00:00:26]} Bg7 {[%clk 01:32:33]} {[%emt 00:00:26]} 7. f3 {[%clk 01:31:34]}
{[%emt 00:00:17]} O-O {[%clk 01:32:42]} {[%emt 00:00:23]} 8. Qd2 {[%clk
01:31:47]} {[%emt 00:00:16]} Nc6 {[%clk 01:32:44]} {[%emt 00:00:29]} 9. O-O-O
{[%clk 01:31:27]} {[%emt 00:00:51]} Bd7 {[%clk 01:32:34]} {[%emt 00:00:40]} 10.
g4 {[%clk 01:31:30]} {[%emt 00:00:26]} Rc8 {[%clk 01:32:13]} {[%emt 00:00:51]}
11. h4 {[%clk 01:31:28]} {[%emt 00:00:31]} h5 {[%clk 01:31:55]} {[%emt
00:00:50]} 12. Nd5 {[%clk 01:26:26]} {[%emt 00:05:32]} Qa5 {[%clk 01:27:04]}
{[%emt 00:05:21]} 13. Qxa5 {[%clk 01:25:57]} {[%emt 00:00:59]} Nxa5 {[%clk
01:27:30]} {[%emt 00:00:05]} 14. Nxe7+ {[%clk 01:25:00]} {[%emt 00:01:25]} Kh7
{[%clk 01:27:26]} {[%emt 00:00:35]} 15. Nxc8 {[%clk 01:24:50]} {[%emt
00:00:40]} Rxc8 {[%clk 01:27:29]} {[%emt 00:00:27]} 16. gxh5 {[%clk 01:23:31]}
{[%emt 00:01:49]} Nxh5 {[%clk 01:26:50]} {[%emt 00:01:09]} 17. Bh3 {[%clk
01:22:56]} {[%emt 00:01:04]} Bxh3 {[%clk 01:26:31]} {[%emt 00:00:50]} 18. Rxh3
{[%clk 01:23:01]} {[%emt 00:00:25]} Nc4 {[%clk 01:25:46]} {[%emt 00:01:15]} 19.
Bf2 {[%clk 01:21:49]} {[%emt 00:01:38]} Nf4 {[%clk 01:24:31]} {[%emt 00:01:48]}
20. Rhh1 {[%clk 01:21:16]} {[%emt 00:01:02]} Bh6 {[%clk 01:23:14]} {[%emt
00:01:49]} 21. Kb1 {[%clk 01:20:21]} {[%emt 00:01:25]} a5 {[%clk 01:22:09]}
{[%emt 00:01:36]} 22. Bg3 {[%clk 01:18:50]} {[%emt 00:01:58]} a4 {[%clk
01:19:52]} {[%emt 00:02:50]} 23. Bxf4 {[%clk 01:18:22]} {[%emt 00:00:57]} Bxf4
{[%clk 01:20:15]} {[%emt 00:00:07]} 24. h5 {[%clk 01:18:18]} {[%emt 00:00:34]}
a3 {[%clk 01:19:20]} {[%emt 00:01:25]} 25. hxg6+ {[%clk 01:18:12]} {[%emt
00:00:35]} Kxg6 {[%clk 01:19:42]} {[%emt 00:00:09]} 26. b3 {[%clk 01:17:06]}
{[%emt 00:01:36]} Ne3 {[%clk 01:18:24]} {[%emt 00:01:48]} 27. Rdg1+ {[%clk
01:16:42]} {[%emt 00:00:53]} Kf6 {[%clk 01:18:26]} {[%emt 00:00:29]} 28. Rh4
{[%clk 01:11:52]} {[%emt 00:05:11]} Be5 {[%clk 01:17:29]} {[%emt 00:01:34]} 29.
Rh6+ {[%clk 01:11:31]} {[%emt 00:00:53]} Ke7 {[%clk 01:17:29]} {[%emt
00:00:30]} 30. Nf5+ {[%clk 01:10:36]} {[%emt 00:01:22]} Nxf5 {[%clk 01:17:50]}
{[%emt 00:00:11]} 31. exf5 {[%clk 01:11:00]} {[%emt 00:00:05]} Rc5 {[%clk
01:17:11]} {[%emt 00:01:09]} 32. Re1 {[%clk 01:10:26]} {[%emt 00:01:03]} Kd7
{[%clk 01:16:58]} {[%emt 00:00:45]} 33. f6 {[%clk 01:09:07]} {[%emt 00:01:49]}
Bc3 {[%clk 01:15:32]} {[%emt 00:01:55]} 34. Re7+ {[%clk 01:09:04]} {[%emt
00:00:26]} Kc6 {[%clk 01:15:47]} {[%emt 00:00:23]} 35. Rxf7 {[%clk 01:08:59]}
{[%emt 00:00:34]} Rf5 {[%clk 01:15:26]} {[%emt 00:00:52]} 36. Kc1 {[%clk
01:06:03]} {[%emt 00:03:25]} Rxf3 {[%clk 01:15:24]} {[%emt 00:00:33]} 37. Kd1
{[%clk 01:05:45]} {[%emt 00:00:47]} Rf1+ {[%clk 01:14:42]} {[%emt 00:01:13]}
38. Ke2 {[%clk 01:05:38]} {[%emt 00:00:36]} Ra1 {[%clk 01:14:38]} {[%emt
00:00:35]} 39. Re7 {[%clk 01:04:32]} {[%emt 00:01:35]} Rxa2 {[%clk 01:14:31]}
{[%emt 00:00:38]} 40. f7 {[%clk 01:03:46]} {[%emt 00:01:17]} Rxc2+ {[%clk
01:14:39]} {[%emt 00:00:22]} 41. Kd3 {[%clk 01:03:29]} {[%emt 00:00:42]} a2
{[%clk 01:14:25]} {[%emt 00:00:49]} 42. f8=Q {[%clk 01:02:35]} {[%emt
00:01:25]} Rd2+ {[%clk 01:14:22]} {[%emt 00:00:32]} 43. Ke3 {[%clk 01:01:38]}
{[%emt 00:01:23]} a1=Q {[%clk 01:13:59]} {[%emt 00:00:57]} 44. Qc8+ {[%clk
01:01:43]} {[%emt 00:00:22]} Kb5 {[%clk 01:12:19]} {[%emt 00:02:14]} 45. Rxb7+
{[%clk 01:01:58]} {[%emt 00:00:15]} Ka6 {[%clk 01:12:25]} {[%emt 00:00:24]} 1-0

[Event "DVM U12w 2024"]
[Site "Bad Homburg GER"]
[Date "2024.12.30"]
[Round "7"]
[White "Didas, Emma"]
[Black "Helbig, Frieda"]
[Result "0-1"]
[Termination "normal"]
[Board "7.3"]
[WhiteElo "1456"]
[BlackElo "1442"]
[WhiteClock "00:44:59"]
[BlackClock "00:24:32"]
[WhiteTeam "SF Birkenfeld"]
[BlackTeam "SC Weisse Dame"]
[PlyCount "104"]
[WhiteFideId "34681612"]
[BlackFideId "533010161"]
[EventCountry "GER"]
[EventRounds "7"]
[EventType "team-swiss"]
[EventDate "2024.12.26"]

1. e4 {[%clk 01:30:57]} {[%emt 00:00:02]} c6 {[%clk 01:30:53]} {[%emt
00:00:08]} 2. d4 {[%clk 01:31:22]} {[%emt 00:00:05]} d5 {[%clk 01:31:17]}
{[%emt 00:00:06]} 3. exd5 {[%clk 01:31:46]} {[%emt 00:00:06]} cxd5 {[%clk
01:31:36]} {[%emt 00:00:11]} 4. Bd3 {[%clk 01:32:04]} {[%emt 00:00:12]} Nf6
{[%clk 01:31:58]} {[%emt 00:00:09]} 5. Bf4 {[%clk 01:32:14]} {[%emt 00:00:19]}
Bg4 {[%clk 01:32:15]} {[%emt 00:00:13]} 6. f3 {[%clk 01:32:38]} {[%emt
00:00:06]} Bh5 {[%clk 01:32:37]} {[%emt 00:00:09]} 7. Ne2 {[%clk 01:32:50]}
{[%emt 00:00:17]} e6 {[%clk 01:32:55]} {[%emt 00:00:11]} 8. O-O {[%clk
01:33:10]} {[%emt 00:00:11]} Bd6 {[%clk 01:33:16]} {[%emt 00:00:09]} 9. Bxd6
{[%clk 01:33:32]} {[%emt 00:00:08]} Qxd6 {[%clk 01:33:35]} {[%emt 00:00:10]}
10. Qd2 {[%clk 01:33:47]} {[%emt 00:00:17]} Nc6 {[%clk 01:33:50]} {[%emt
00:00:14]} 11. c3 {[%clk 01:34:11]} {[%emt 00:00:07]} Bg6 {[%clk 01:34:08]}
{[%emt 00:00:11]} 12. Nf4 {[%clk 01:34:16]} {[%emt 00:00:24]} a6 {[%clk
01:34:23]} {[%emt 00:00:15]} 13. Nxg6 {[%clk 01:34:13]} {[%emt 00:00:34]} hxg6
{[%clk 01:34:40]} {[%emt 00:00:12]} 14. g3 {[%clk 01:34:00]} {[%emt 00:00:43]}
O-O-O {[%clk 01:21:39]} {[%emt 00:13:31]} 15. a4 {[%clk 01:32:42]} {[%emt
00:01:49]} e5 {[%clk 01:19:34]} {[%emt 00:02:35]} 16. Rc1 {[%clk 01:30:24]}
{[%emt 00:02:45]} Kb8 {[%clk 01:19:25]} {[%emt 00:00:39]} 17. Be2 {[%clk
01:29:50]} {[%emt 00:01:06]} Rh7 {[%clk 01:14:58]} {[%emt 00:04:57]} 18. b4
{[%clk 01:27:45]} {[%emt 00:02:36]} Ne7 {[%clk 01:14:21]} {[%emt 00:01:06]} 19.
c4 {[%clk 01:22:34]} {[%emt 00:05:43]} dxc4 {[%clk 01:11:23]} {[%emt 00:03:27]}
20. Rc2 {[%emt 00:01:23]} c3 21. Rxc3 {[%clk 01:21:39]} exd4 {[%clk 01:11:21]}
{[%emt 00:00:32]} 22. Rc4 {[%clk 01:19:34]} d3 {[%clk 01:07:46]} {[%emt
00:06:41]} 23. Na3 {[%clk 01:16:28]} Nh5 {[%clk 01:04:42]} {[%emt 00:07:10]}
24. Bf1 {[%clk 01:07:52]} f5 {[%clk 00:51:12]} {[%emt 00:23:07]} 25. f4 {[%clk
01:07:23]} Rhh8 {[%clk 00:48:43]} {[%emt 00:03:55]} 26. Rd1 {[%clk 01:05:15]}
Qd7 {[%clk 00:45:16]} {[%emt 00:06:37]} 27. a5 {[%clk 01:01:19]} Qa4 {[%clk
00:41:45]} {[%emt 00:08:16]} 28. Rdc1 {[%clk 01:00:42]} Qb5 {[%emt 00:03:15]}
29. Nb1 Qd7 {[%clk 00:40:13]} 30. Bg2 {[%clk 01:00:51]} {[%emt 00:00:25]} Qe6
{[%clk 00:37:40]} {[%emt 00:02:59]} 31. Rc7 {[%clk 01:00:31]} {[%emt 00:00:54]}
Nd5 {[%clk 00:33:46]} {[%emt 00:04:23]} 32. Bxd5 {[%clk 00:59:20]} {[%emt
00:01:43]} Qxd5 {[%clk 00:33:29]} {[%emt 00:00:42]} 33. R7c3 {[%clk 00:50:57]}
{[%emt 00:08:57]} Qd4+ {[%clk 00:33:30]} {[%emt 00:00:28]} 34. Kf1 {[%clk
00:50:48]} {[%emt 00:00:35]} Nxg3+ {[%clk 00:32:25]} {[%emt 00:01:41]} 35. Kg2
{[%clk 00:48:41]} {[%emt 00:02:36]} Ne2 {[%clk 00:31:50]} {[%emt 00:01:06]} 36.
Rc4 {[%clk 00:46:21]} {[%emt 00:02:51]} Qd5+ {[%clk 00:30:15]} {[%emt
00:02:03]} 37. Kf1 {[%clk 00:45:03]} {[%emt 00:01:46]} Qh1+ {[%clk 00:29:04]}
{[%emt 00:01:44]} 38. Kf2 {[%clk 00:45:25]} {[%emt 00:00:10]} Rxh2+ {[%clk
00:28:20]} {[%emt 00:01:13]} 39. Ke3 {[%clk 00:45:44]} {[%emt 00:00:10]} Re8+
{[%clk 00:27:24]} {[%emt 00:01:26]} 40. Kxd3 {[%clk 00:46:00]} {[%emt
00:00:13]} Rd8+ {[%clk 00:27:23]} {[%emt 00:00:31]} 41. Kc2 {[%clk 00:45:59]}
{[%emt 00:00:32]} Nd4+ {[%clk 00:27:03]} {[%emt 00:00:51]} 42. Rxd4 {[%clk
00:45:07]} {[%emt 00:01:20]} Rxd2+ {[%clk 00:26:45]} {[%emt 00:00:50]} 43. Rxd2
{[%clk 00:45:31]} {[%emt 00:00:05]} Rc8+ {[%clk 00:26:50]} {[%emt 00:00:24]}
44. Nc3 {[%clk 00:45:37]} {[%emt 00:00:24]} Qe4+ {[%clk 00:26:55]} {[%emt
00:00:23]} 45. Kd1 {[%clk 00:45:44]} {[%emt 00:00:26]} Qf3+ {[%emt 00:01:08]}
46. Ke1 {[%clk 00:45:32]} {[%emt 00:00:34]} Re8+ {[%clk 00:25:55]} {[%emt
00:01:00]} 47. Re2 {[%clk 00:45:37]} {[%emt 00:00:25]} Qh1+ {[%clk 00:25:43]}
{[%emt 00:00:41]} 48. Kd2 {[%clk 00:46:00]} {[%emt 00:00:09]} Rd8+ {[%clk
00:25:50]} {[%emt 00:00:22]} 49. Kc2 {[%clk 00:46:14]} {[%emt 00:00:16]} Qf3
{[%clk 00:25:32]} {[%emt 00:00:41]} 50. Rd2 {[%clk 00:45:46]} {[%emt 00:00:59]}
Rc8 {[%clk 00:25:10]} {[%emt 00:00:54]} 51. Kb2 {[%clk 00:45:56]} {[%emt
00:00:24]} Qxf4 {[%clk 00:24:27]} {[%emt 00:01:14]} 52. Re2 {[%clk 00:44:59]}
{[%emt 00:01:27]} Qxb4+ {[%clk 00:24:32]} {[%emt 00:00:24]} 0-1